The cross of Christ
| Autor principal: | |
|---|---|
| Tipo de documento: | Print Libro |
| Lenguaje: | Inglés |
| Servicio de pedido Subito: | Pedir ahora. |
| Verificar disponibilidad: | HBZ Gateway |
| Interlibrary Loan: | Interlibrary Loan for the Fachinformationsdienste (Specialized Information Services in Germany) |
| Publicado: |
Leicester
Inter-Varsity
1989
|
| En: | Año: 1989 |
| Edición: | New ed |
| (Cadenas de) Palabra clave estándar: | B
Cristología
/ Redención
B Jesus Christus / Crucifixión |
| Otras palabras clave: | B
Atonement
B Christian doctrine. Atonement |
MARC
| LEADER | 00000cam a22000002c 4500 | ||
|---|---|---|---|
| 001 | 1609926102 | ||
| 003 | DE-627 | ||
| 005 | 20251225193900.0 | ||
| 007 | tu | ||
| 008 | 961011s1989 xx ||||| 00| ||eng c | ||
| 016 | 7 | |a b8936642 |2 UK | |
| 020 | |a 0851106749 |9 0-85110-674-9 | ||
| 035 | |a (DE-627)1609926102 | ||
| 035 | |a (DE-576)05481717X | ||
| 035 | |a (DE-599)BSZ05481717X | ||
| 040 | |a DE-627 |b ger |c DE-627 |e rakwb | ||
| 041 | |a eng | ||
| 050 | 0 | |a BT265.2 | |
| 082 | 0 | |a 232.3 | |
| 082 | 0 | |a 232.96 | |
| 084 | |a BN 5600 |2 rvk |0 (DE-625)rvk/13801: | ||
| 084 | |a BH 6200 |2 rvk |0 (DE-625)rvk/11731: | ||
| 084 | |a BH 6400 |2 rvk |0 (DE-625)rvk/11735: | ||
| 084 | |a BN 5305 |2 rvk |0 (DE-625)rvk/13791: | ||
| 100 | 1 | |0 (DE-588)119041944 |0 (DE-627)079831508 |0 (DE-576)164385460 |4 aut |a Stott, John R. W. |d 1921-2011 | |
| 109 | |a Stott, John R. W. 1921-2011 |a Stott, Džon 1921-2011 |a Stott, John R. 1921-2011 |a Stott, John Robert Walmsley 1921-2011 |a Stott, John 1921-2011 | ||
| 245 | 1 | 4 | |a The cross of Christ |
| 250 | |a New ed | ||
| 264 | 1 | |a Leicester |b Inter-Varsity |c 1989 | |
| 300 | |a 416 S. | ||
| 336 | |a Text |b txt |2 rdacontent | ||
| 337 | |a ohne Hilfsmittel zu benutzen |b n |2 rdamedia | ||
| 338 | |a Band |b nc |2 rdacarrier | ||
| 583 | 1 | |a Archivierung prüfen |c 20200919 |f DE-640 |z 1 |2 pdager | |
| 650 | 4 | |a Christian doctrine. Atonement | |
| 650 | 4 | |a Atonement | |
| 689 | 0 | 0 | |d s |0 (DE-588)4010141-1 |0 (DE-627)106359606 |0 (DE-576)20888615X |2 gnd |a Christologie |
| 689 | 0 | 1 | |d s |0 (DE-588)4015317-4 |0 (DE-627)106337149 |0 (DE-576)20891126X |2 gnd |a Erlösung |
| 689 | 0 | |5 (DE-627) | |
| 689 | 1 | 0 | |d p |0 (DE-588)118557513 |0 (DE-627)079354688 |0 (DE-576)208978216 |2 gnd |a Jesus Christus |
| 689 | 1 | 1 | |d s |0 (DE-588)4165653-2 |0 (DE-627)105438545 |0 (DE-576)209896833 |2 gnd |a Kreuzigung |
| 689 | 1 | |5 (DE-627) | |
| 935 | |a mteo | ||
| 936 | r | v | |a BN 5600 |b Erlösungswerk Christi |k Theologie und Religionswissenschaften |k Dogmatik und Dogmengeschichte |k Spezielle Dogmatik |k Soteriologie |k Systematische Einzelfragen |k Erlösungswerk Christi |0 (DE-627)1270741489 |0 (DE-625)rvk/13801: |0 (DE-576)200741489 |
| 936 | r | v | |a BH 6200 |b Systematische Einzelfragen |k Theologie und Religionswissenschaften |k Evangelische Dogmatik |k Spezielle Dogmatik |k Christologie |k Systematische Einzelfragen |0 (DE-627)1271718014 |0 (DE-625)rvk/11731: |0 (DE-576)201718014 |
| 936 | r | v | |a BH 6400 |b Theologie des Kreuzes |k Theologie und Religionswissenschaften |k Evangelische Dogmatik |k Spezielle Dogmatik |k Christologie |k Theologie des Kreuzes |0 (DE-627)127186312X |0 (DE-625)rvk/11735: |0 (DE-576)20186312X |
| 936 | r | v | |a BN 5305 |b Systematische Einzelfragen |k Theologie und Religionswissenschaften |k Dogmatik und Dogmengeschichte |k Spezielle Dogmatik |k Christologie |k Systematische Einzelfragen |0 (DE-627)127074139X |0 (DE-625)rvk/13791: |0 (DE-576)20074139X |
| 951 | |a BO | ||
| ELC | |b 1 | ||
| ORI | |a SA-MARC-ixtheo_oa001.raw | ||
| STA | 0 | 0 | |a Christology,Crucifixion,Crucifixion,Redemption,Redemption,Salvation |
| STB | 0 | 0 | |a Christologie,Crucifixion,Crucifixion,Rédemption,Rédemption |
| STC | 0 | 0 | |a Cristología,Crucifixión,Crucifixión,Redención,Redención |
| STD | 0 | 0 | |a Cristologia,Crocifissione,Crocifissione,Redenzione,Redenzione |
| STE | 0 | 0 | |a 基督论,救赎,救赎,解放,拯救,解放,拯救,钉死在十字架上,钉死在十字架上,钉十字架,钉十字架 |
| STF | 0 | 0 | |a 基督論,救贖,救贖,解放,拯救,解放,拯救,釘死在十字架上,釘死在十字架上,釘十字架,釘十字架 |
| STG | 0 | 0 | |a Cristologia,Crucificação,Crucificação,Redenção,Redenção |
| STH | 0 | 0 | |a Распятие (процесс, мотив),Распятие (процесс),Спасение,Спасение (мотив),Христология |
| STI | 0 | 0 | |a Λύτρωση,Λύτρωση <μοτίβο>,Σωτηρία (μοτίβο),Σωτηρία,Σταύρωση (μοτίβο),Σταύρωση,Χριστολογία |
| SYG | 0 | 0 | |a Yeshuʿa,Yeshua,Iesus Nazarenus Rex Iudaeorum,Iesu Keriso,Jẽzaus Kristaus,Jésus-Christ,Iēsus,ho Nazōraios,Gesù Cristo,Ješūʿa,Isus Hristos,Jisous Khristos,Jesú Krist,Iĩsa Chrtá,Jezus Chrystus,Jezus,Jeschua,Jesus,of Nazareth,Iesu Kristo,Chesus Christ,Jhesus Christus,Jésus,le Christ,Jesus,Nazarenus,Jésus,de Nazareth,Jesucristo,Jesus Christ,Jesuo Kristo,Jesusse Kristusse,Jesuse Kristuse,Jesuksen Kristuksen,Jesu Kristo,Jesus Kristus,Yasūʿ,Yeshu,Hisows K'ristos,Ieso K'riste,Iēsus Christos,Iisus Christos,ʿĪsā Ibn-Maryam,Christus,Jesus,von Nazareth,Jesus,von Nazaret,Cristo,Jesus,Ye su,Yesu,Ye, Su , Ješiša Krista,Gesù |